Disputation of Doctor Martin Luther on the Power and Efficacy of Indulgences (Record no. 13631)
[ view plain ]
| 000 -LEADER | |
|---|---|
| fixed length control field | 00891cam a22002653a 4500 |
| 001 - CONTROL NUMBER | |
| control field | 274 |
| 003 - CONTROL NUMBER IDENTIFIER | |
| control field | PGUSA |
| 005 - DATE AND TIME OF LATEST TRANSACTION | |
| control field | 20230525152700.0 |
| 008 - FIXED-LENGTH DATA ELEMENTS--GENERAL INFORMATION | |
| fixed length control field | 950601s1995||||xxu|||||s|||||000 | eng d |
| 040 ## - CATALOGING SOURCE | |
| Original cataloging agency | PGUSA |
| Language of cataloging | eng |
| 042 ## - AUTHENTICATION CODE | |
| Authentication code | dc |
| 050 #4 - LIBRARY OF CONGRESS CALL NUMBER | |
| Classification number | BR |
| 100 1# - MAIN ENTRY--PERSONAL NAME | |
| Personal name | Luther, Martin, |
| Dates associated with a name | 1483-1546 |
| 240 10 - UNIFORM TITLE | |
| Uniform title | Disputatio pro declaratione virtutis indulgentiarum. |
| Language of a work | English |
| 245 10 - TITLE STATEMENT | |
| Title | Disputation of Doctor Martin Luther on the Power and Efficacy of Indulgences |
| Medium | [electronic resource] / |
| Statement of responsibility, etc. | Martin Luther |
| 260 ## - PUBLICATION, DISTRIBUTION, ETC. | |
| Name of publisher, distributor, etc. | Project Gutenberg, |
| Date of publication, distribution, etc. | 1995 |
| 500 ## - GENERAL NOTE | |
| General note | Martin Luther's 95 Theses. |
| 506 ## - RESTRICTIONS ON ACCESS NOTE | |
| Terms governing access | Public domain in the USA. |
| 516 ## - TYPE OF COMPUTER FILE OR DATA NOTE | |
| Type of computer file or data note | Text |
| 653 ## - INDEX TERM--UNCONTROLLED | |
| Uncontrolled term | Reformation -- Germany -- Sources |
| 653 ## - INDEX TERM--UNCONTROLLED | |
| Uncontrolled term | Indulgences |
| 740 0# - ADDED ENTRY--UNCONTROLLED RELATED/ANALYTICAL TITLE | |
| Uncontrolled related/analytical title | Disputatio pro declaratione virtutis indulgentiarum. English |
| 830 #0 - SERIES ADDED ENTRY--UNIFORM TITLE | |
| Uniform title | Project Gutenberg |
| Volume/sequential designation | 274 |
| 856 40 - ELECTRONIC LOCATION AND ACCESS | |
| Uniform Resource Identifier | <a href="http://www.gutenberg.org/ebooks/274">http://www.gutenberg.org/ebooks/274</a> |
| Withdrawn status | Lost status | Damaged status | Not for loan | Collection | Home library | Current library | Date acquired | Total Checkouts | Full call number | Date last seen | Uniform Resource Identifier | Price effective from | Koha item type |
|---|---|---|---|---|---|---|---|---|---|---|---|---|---|
| Project Gutenberg | Main Library | Main Library | 05/25/2023 | BR | 05/25/2023 | http://www.gutenberg.org/ebooks/274 | 05/25/2023 | EBooks |